000 00552nam a2200193Ia 4500
001 8899
003 GE_BSU
008 181216s||||||||xx |||||||||||||| ||und||
040 _cGE_BSU
245 _aВестник дверней истории. №4(287).2013.
245 _bОктябрь-Ноябрь-Декабрь
245 _cГл.ред.А.И.Иванчик и др.
260 _aМосква
260 _bНаука
260 _c2013
300 _a256ст;24см.
653 _aВестник дверней истории.
942 _cCR
999 _c42206
_d42206